00274nam a2200121Ia 4500008004100000100001700041245002900058260002200087300000800109650001300117942000700130999001500137190216s9999||||xx |||||||||||||| ||und|| aRakesh Gupta 0aOrganisational Behaviour bKitab Mahalc2006 a708 aCommerce cBK c7621d7621